[Event "Toronto NAYCC U08"]
[Site "Toronto"]
[Date "2013.08.17"]
[Round "7"]
[White "Sun, Frank"]
[Black "Guo, Roger"]
[Result "1-0"]
[WhiteElo "1097"]
[BlackElo "636"]
[PlyCount "33"]
[EventDate "2013.08.14"]
[EventType "swiss"]
[EventRounds "9"]
[EventCountry "CAN"]
[SourceTitle "EXT 2022"]
[Source "ChessBase"]
[SourceDate "2021.10.06"]
[SourceVersion "1"]
[SourceVersionDate "2021.10.06"]
[SourceQuality "1"]

1. e4 c5 2. Nf3 Nc6 3. Bc4 e6 4. c3 Nf6 5. e5 Nd5 6. d4 Be7 7. 0-0 0-0 8. Qd3 a6 9. a3 b5 10. Bxd5 exd5 11. Nbd2 c4 12. Qb1 Rb8 13. Qc2 d6 14. exd6 Bxd6 15. Nb1 Ne7 16. Ng5 Qc7 17. Qxh7# 1-0

[Event "Toronto NAYCC U08"]
[Site "Toronto"]
[Date "2013.08.16"]
[Round "4"]
[White "Sun, Frank"]
[Black "Ettibaryan, Levon"]
[Result "0-1"]
[WhiteElo "1097"]
[BlackElo "608"]
[PlyCount "64"]
[EventDate "2013.08.14"]
[EventType "swiss"]
[EventRounds "9"]
[EventCountry "CAN"]
[SourceTitle "EXT 2022"]
[Source "ChessBase"]
[SourceDate "2021.10.06"]
[SourceVersion "1"]
[SourceVersionDate "2021.10.06"]
[SourceQuality "1"]

1. e4 e6 2. d4 d5 3. e5 c5 4. c3 Nc6 5. Nf3 Nge7 6. Bg5 h6 7. Bxe7 Bxe7 8. Bb5 cxd4 9. Nxd4 Bd7 10. Nxc6 Bxc6 11. Bxc6+ bxc6 12. 0-0 0-0 13. Nd2 Bg5 14. Nf3 Rb8 15. b3 Re8 16. Nd4 Qb6 17. f4 Be7 18. Qd3 c5 19. f5 cxd4 20. fxe6 dxc3+ 21. Kh1 fxe6 22. Qf3 c2 23. Qf7+ Kh7 24. h3 Bg5 25. h4 Bxh4 26. Rf4 Bg5 27. Rg4 c1Q+ 28. Rxc1 Rf8 29. Qh5 g6 30. Qh2 Bxc1 31. Qh3 Rf1+ 32. Kh2 h5 0-1

[Event "Toronto NAYCC U08"]
[Site "Toronto"]
[Date "2013.08.15"]
[Round "3"]
[White "Kulic, Mateo"]
[Black "Sun, Frank"]
[Result "1/2-1/2"]
[WhiteElo "769"]
[BlackElo "1097"]
[PlyCount "115"]
[EventDate "2013.08.14"]
[EventType "swiss"]
[EventRounds "9"]
[EventCountry "CAN"]
[SourceTitle "EXT 2022"]
[Source "ChessBase"]
[SourceDate "2021.10.06"]
[SourceVersion "1"]
[SourceVersionDate "2021.10.06"]
[SourceQuality "1"]

1. e4 e5 2. Nf3 Nc6 3. Bc4 Bc5 4. b4 Bxb4 5. c3 Ba5 6. Qb3 Nf6 7. Bxf7+ Kf8 8. d3 d5 9. Bxd5 Nxd5 10. exd5 Ne7 11. Nxe5 Nxd5 12. Qa3+ Ke8 13. Qxa5 Nf6 14. Qb5+ Nd7 15. 0-0 c6 16. Qc4 Nxe5 17. Re1 Qc7 18. Bf4 Qb6 19. Bxe5 Kd7 20. Qf7+ Kd8 21. Bxg7 Bd7 22. Qe7+ Kc7 23. Be5+ Kc8 24. Bxh8 Kc7 25. Be5+ Kc8 26. Qf8+ Qd8 27. Qxd8+ Kxd8 28. Bd6 b5 29. c4 bxc4 30. dxc4 Kc8 31. Nc3 Kb7 32. Re7 Rd8 33. Rb1+ Ka6 34. Bc7 Re8 35. Rxe8 Bxe8 36. f4 Bg6 37. Rf1 Bd3 38. Rf2 Bxc4 39. f5 Kb7 40. Bg3 a5 41. f6 Kb6 42. f7 Bxf7 43. Rxf7 Kc5 44. Rf5+ Kc4 45. Rxa5 Kxc3 46. Ra8 c5 47. a4 c4 48. a5 Kd2 49. Rc8 c3 50. Rxc3 Kxc3 51. a6 Kb4 52. a7 Kb5 53. a8Q Kb6 54. Qc8 Kb5 55. Qc7 Ka6 56. Qb8 Ka5 57. Be1+ Ka6 58. Kf2 1/2-1/2

[Event "Toronto NAYCC U08"]
[Site "Toronto"]
[Date "2013.08.15"]
[Round "2"]
[White "Sun, Frank"]
[Black "Hung, Daniel1"]
[Result "0-1"]
[WhiteElo "1097"]
[BlackElo "1598"]
[PlyCount "26"]
[EventDate "2013.08.14"]
[EventType "swiss"]
[EventRounds "9"]
[EventCountry "CAN"]
[SourceTitle "EXT 2022"]
[Source "ChessBase"]
[SourceDate "2021.10.06"]
[SourceVersion "1"]
[SourceVersionDate "2021.10.06"]
[SourceQuality "1"]

1. d4 d5 2. c4 c6 3. Nc3 Nf6 4. Nf3 e6 5. Bg5 h6 6. Bxf6 Qxf6 7. e3 Nd7 8. c5 e5 9. dxe5 Nxe5 10. Nxe5 Qxe5 11. Bd3 Bxc5 12. 0-0 Bd6 13. Qd2 Qxh2# 0-1